[Event "Skopje op-B"]
[Site "Skopje"]
[Date "2023.12.10"]
[Round "7"]
[White "Djukanovic, Mitar"]
[Black "Jusufi, Ahmet"]
[Result "0-1"]
[WhiteElo "1872"]
[BlackElo "1847"]
[PlyCount "116"]
[EventDate "2023.12.06"]
[EventType "swiss"]
[EventRounds "9"]
[EventCountry "MKD"]
[SourceTitle "CB51_2023"]
[SourceDate "2023.12.20"]
[SourceVersion "1"]
[SourceVersionDate "2023.12.20"]
[SourceQuality "1"]

1. d4 Nf6 2. Bg5 Ne4 3. h4 d5 4. Nd2 Nxd2 5. Qxd2 h6 6. Bf4 Bf5 7. f3 e6 8. g4 Bh7 9. e3 Bd6 10. Bxd6 Qxd6 11. 0-0-0 Nd7 12. Bd3 Bxd3 13. Qxd3 0-0-0 14. f4 Nf6 15. Qe2 Ne4 16. Qf3 Kb8 17. Nh3 Qa6 18. a3 Nd6 19. Nf2 Nc4 20. Rd3 Rd6 21. e4 Qa5 22. Rhd1 Rb6 23. Rb3 Rd8 24. e5 c5 25. Rxb6 Qxb6 26. Qb3 Qc7 27. Qd3 Qb6 28. Qb3 Qxb3 29. cxb3 Na5 30. dxc5 Nxb3+ 31. Kb1 Nxc5 32. h5 Rc8 33. g5 hxg5 34. fxg5 Nd7 35. Ng4 Rc4 36. Rg1 Nf8 37. h6 gxh6 38. gxh6 Kc7 39. Rc1 Rxc1+ 40. Kxc1 Kd8 41. Kd2 Ke7 42. Nf6 Ng6 43. h7 Kf8 44. Ke3 Kg7 45. Kd4 b6 46. b4 Nf8 47. a4 Nxh7 48. Nd7 Nf8 49. Nb8 f5 50. b5 Kf7 51. Nc6 Ke8 52. Nxa7 Kd7 53. Nc6 Kc7 54. a5 bxa5 55. Nxa5 Kb6 56. Nc6 Kxb5 57. Ne7 f4 58. Kd3 Kc5 0-1

[Event "MNT-chT 1st League"]
[Site "Podgorica"]
[Date "2019.07.25"]
[Round "6.8"]
[White "Djukanovic, Mitar"]
[Black "Latkovic, Matija"]
[Result "1-0"]
[WhiteElo "1817"]
[BlackElo "1089"]
[PlyCount "49"]
[EventDate "2019.07.20"]
[EventType "team-tourn"]
[EventRounds "9"]
[EventCountry "MNE"]
[SourceTitle "EXT 2020"]
[Source "ChessBase"]
[SourceDate "2019.10.17"]
[SourceVersion "1"]
[SourceVersionDate "2019.10.17"]
[SourceQuality "1"]
[WhiteTeam "Elektroprivreda"]
[BlackTeam "Kotor"]
[WhiteTeamCountry "MNE"]
[BlackTeamCountry "MNE"]

1. Nc3 Nc6 2. d4 d5 3. Bf4 e6 4. e3 Nf6 5. g4 Bb4 6. Bd3 Qe7 7. g5 Nd7 8. Nf3 e5 9. dxe5 Ndxe5 10. Nxe5 Nxe5 11. Kf1 Bxc3 12. bxc3 Qe6 13. h4 Bd7 14. Rb1 Bc6 15. Bb5 Bxb5+ 16. Rxb5 Qa6 17. Qe2 Nc4 18. Rxd5 Qxa2 19. Rd4 Nb6 20. Qb5+ c6 21. Re4+ Kd7 22. Qf5+ Kd8 23. c4 f6 24. Rd4+ Ke8 25. Qe6+ 1-0

[Event "MNT-chT"]
[Site "Niksic"]
[Date "2018.08.09"]
[Round "3.2"]
[White "Sukovic, Andrej"]
[Black "Djukanovic, Mitar"]
[Result "1-0"]
[WhiteElo "2140"]
[BlackElo "1829"]
[PlyCount "65"]
[EventDate "2018.08.07"]
[EventType "team-tourn"]
[EventRounds "9"]
[EventCountry "MNE"]
[SourceTitle "CBM 186 Extra"]
[Source "ChessBase"]
[SourceDate "2018.08.24"]
[SourceVersion "1"]
[SourceVersionDate "2018.08.24"]
[SourceQuality "1"]
[WhiteTeam "Omladinac Buducnost"]
[BlackTeam "Jedinstvo"]
[WhiteTeamCountry "MNE"]
[BlackTeamCountry "MNE"]

1. e4 c6 2. Nc3 d5 3. d4 g6 4. e5 Bg7 5. f4 h5 6. Nf3 Bg4 7. h3 Bxf3 8. Qxf3 e6 9. Bd3 Qb6 10. Ne2 Nd7 11. 0-0 Ne7 12. b3 Nf5 13. Bxf5 gxf5 14. Be3 h4 15. c4 a6 16. Rac1 Qd8 17. cxd5 cxd5 18. Bd2 Bf8 19. Rc2 Nb8 20. a3 Nc6 21. b4 Be7 22. Qd3 Qb6 23. Be3 Rg8 24. Bf2 Rg6 25. Nc3 Kd7 26. Na4 Qa7 27. Nc5+ Ke8 28. Rfc1 Rc8 29. Nxa6 Kd7 30. b5 bxa6 31. bxc6+ Ke8 32. Rb1 Rc7 33. Be1 1-0

[Event "Podgorica Buducnost op 3rd"]
[Site "Podgorica"]
[Date "2017.12.23"]
[Round "2"]
[White "Alivodic, Dario"]
[Black "Djukanovic, Mitar"]
[Result "1-0"]
[WhiteElo "1920"]
[BlackElo "1825"]
[PlyCount "133"]
[EventDate "2017.12.22"]
[EventType "swiss"]
[EventRounds "7"]
[EventCountry "MNE"]
[SourceTitle "CBM 182 Extra"]
[Source "ChessBase"]
[SourceDate "2018.02.23"]
[SourceVersion "1"]
[SourceVersionDate "2018.02.23"]
[SourceQuality "1"]

1. d4 g6 2. c4 Bg7 3. Nc3 d6 4. e4 e5 5. Nge2 Ne7 6. Be3 0-0 7. h4 h6 8. Qd2 Kh7 9. 0-0-0 exd4 10. Nxd4 Nbc6 11. Nf3 Bg4 12. h5 g5 13. Be2 Be6 14. g4 Ne5 15. Nxe5 dxe5 16. Qxd8 Rfxd8 17. Nd5 Bxd5 18. cxd5 Nc8 19. b3 Bf8 20. Kb2 Bd6 21. Bd3 Kg7 22. Rc1 b6 23. Ba6 Ne7 24. a3 Ng8 25. b4 Nf6 26. f3 Rab8 27. Kb3 Kf8 28. a4 Ke7 29. Rc6 Nd7 30. Rhc1 Nf6 31. Ka3 Ne8 32. Bc5 bxc5 33. bxc5 Rb6 34. cxd6+ Rxd6 35. Rxb6 cxb6 36. Bb5 Kd8 37. Bxe8 Kxe8 38. Rc7 Rf6 39. Rc3 Kd7 40. Kb4 a6 41. a5 b5 42. Kc5 Kc7 43. Rd3 Rd6 44. Rd1 Kd7 45. f4 gxf4 46. g5 hxg5 47. Rg1 f6 48. h6 Ke7 49. h7 Rd8 50. d6+ Ke6 51. d7 f3 52. Rh1 f2 53. Kc6 Rh8 54. Rf1 Ke7 55. Rxf2 Rxh7 56. Rxf6 Rh8 57. Rg6 Kd8 58. Kb6 Kxd7 59. Kxa6 Ra8+ 60. Kxb5 Rb8+ 61. Kc5 Ke7 62. a6 Ra8 63. Kb6 Kf7 64. Rxg5 Rb8+ 65. Kc7 Rb4 66. Rxe5 Kf6 67. Ra5 1-0

[Event "MNT-ch 65th"]
[Site "Cetinje"]
[Date "2013.07.24"]
[Round "5"]
[White "Djukanovic, Mitar"]
[Black "Ajanovic, Berina"]
[Result "1-0"]
[WhiteElo "1777"]
[BlackElo "1382"]
[PlyCount "51"]
[EventDate "2013.07.20"]
[EventType "swiss"]
[EventRounds "9"]
[EventCountry "MNE"]
[SourceTitle "CBM 155 Extra"]
[Source "ChessBase"]
[SourceDate "2013.08.26"]
[SourceVersion "1"]
[SourceVersionDate "2013.08.26"]
[SourceQuality "1"]

1. d4 Nf6 2. Bg5 e6 3. e4 Be7 4. e5 Nd5 5. Bxe7 Qxe7 6. Qd2 c5 7. Nf3 b6 8. c4 Nc7 9. d5 exd5 10. cxd5 d6 11. Be2 Bb7 12. Nc3 0-0 13. 0-0-0 Rd8 14. Rhe1 Nd7 15. Bc4 Nxe5 16. Nxe5 dxe5 17. f4 Qh4 18. g3 Qg4 19. Rxe5 Ne6 20. Ree1 Nd4 21. Qe3 Kf8 22. Ne2 Nf3 23. h3 Qxh3 24. Qxf3 g6 25. Nc3 Rd7 26. Rh1 1-0

[Event "MNT-ch 65th"]
[Site "Cetinje"]
[Date "2013.07.23"]
[Round "4"]
[White "Djukanovic, Mitar"]
[Black "Stamatovic, Vladimir"]
[Result "0-1"]
[WhiteElo "1777"]
[BlackElo "1889"]
[PlyCount "50"]
[EventDate "2013.07.20"]
[EventType "swiss"]
[EventRounds "9"]
[EventCountry "MNE"]
[SourceTitle "CBM 155 Extra"]
[Source "ChessBase"]
[SourceDate "2013.08.26"]
[SourceVersion "1"]
[SourceVersionDate "2013.08.26"]
[SourceQuality "1"]

1. d4 Nf6 2. Bg5 Ne4 3. h4 d5 4. Nd2 Nd6 5. e3 Nc6 6. c4 dxc4 7. Nxc4 Nxc4 8. Bxc4 f6 9. Bf4 e5 10. dxe5 Bb4+ 11. Kf1 Qxd1+ 12. Rxd1 fxe5 13. Bg3 h5 14. Bb5 0-0 15. Bxc6 bxc6 16. Bxe5 Ba6+ 17. Ne2 Rad8 18. Rd4 c5 19. Rxd8 Rxd8 20. g3 Rd1+ 21. Kg2 Bb7+ 22. f3 Rxh1 23. Kxh1 Bxf3+ 24. Kg1 Bxe2 25. Bxc7 Be1 0-1

[Event "MNT-ch U18"]
[Site "Cetinje"]
[Date "2012.04.15"]
[Round "5"]
[White "Pekovic, Dejan"]
[Black "Djukanovic, Mitar"]
[Result "1/2-1/2"]
[WhiteElo "1752"]
[BlackElo "1773"]
[PlyCount "117"]
[EventDate "2012.04.13"]
[EventType "tourn"]
[EventRounds "7"]
[EventCountry "MNE"]
[SourceTitle "EXT 2013"]
[Source "ChessBase"]
[SourceDate "2012.11.22"]
[SourceVersion "1"]
[SourceVersionDate "2012.11.22"]
[SourceQuality "1"]

1. e4 e6 2. d4 d5 3. exd5 exd5 4. Nf3 Bd6 5. Nc3 Ne7 6. Be2 Nbc6 7. a3 f6 8. Nb5 Bf5 9. Bd3 Bg4 10. h3 Bh5 11. Be2 a6 12. Nxd6+ Qxd6 13. Be3 0-0-0 14. Qd2 Rhe8 15. Bf4 Qd7 16. 0-0-0 g5 17. Bh2 Bg6 18. Bd3 Bxd3 19. Qxd3 Ng6 20. Rhe1 g4 21. Nd2 gxh3 22. gxh3 Rxe1 23. Rxe1 Re8 24. Rxe8+ Qxe8 25. Qe3 Qe7 26. Nb3 b6 27. Kd2 Qxe3+ 28. fxe3 Kd7 29. Kd3 f5 30. c4 Nce7 31. Nd2 c6 32. Nf3 dxc4+ 33. Kxc4 Nd5 34. Kd3 f4 35. e4 Ne3 36. Ne5+ Nxe5+ 37. dxe5 Ng2 38. Ke2 Ke6 39. Kf2 Nh4 40. Bxf4 Ng6 41. Ke3 Nxe5 42. Bxe5 Kxe5 43. b4 h5 44. h4 c5 45. bxc5 bxc5 46. Kd3 c4+ 47. Kxc4 Kxe4 48. a4 Kf4 49. a5 Kg4 50. Kc5 Kxh4 51. Kb6 Kg5 52. Kxa6 h4 53. Kb7 h3 54. a6 h2 55. a7 h1Q+ 56. Kb8 Qh8+ 57. Kb7 Qg7+ 58. Kb8 Qxa7+ 59. Kxa7 1/2-1/2

[Event "MNT-ch U18"]
[Site "Cetinje"]
[Date "2012.04.14"]
[Round "3"]
[White "Pecurica, Milos"]
[Black "Djukanovic, Mitar"]
[Result "1/2-1/2"]
[WhiteElo "2120"]
[BlackElo "1773"]
[PlyCount "25"]
[EventDate "2012.04.13"]
[EventType "tourn"]
[EventRounds "7"]
[EventCountry "MNE"]
[SourceTitle "EXT 2013"]
[Source "ChessBase"]
[SourceDate "2012.11.22"]
[SourceVersion "1"]
[SourceVersionDate "2012.11.22"]
[SourceQuality "1"]

1. e4 e6 2. d3 d5 3. Nd2 c5 4. c3 Nc6 5. Ngf3 Nf6 6. g3 dxe4 7. dxe4 Be7 8. Bg2 0-0 9. 0-0 Re8 10. Qe2 e5 11. a4 Bg4 12. Nc4 Qc7 13. Bg5 1/2-1/2

[Event "MNT-ch U20"]
[Site "Cetinje"]
[Date "2011.06.18"]
[Round "3"]
[White "Pekovic, Dejan"]
[Black "Djukanovic, Mitar"]
[Result "1/2-1/2"]
[WhiteElo "1741"]
[BlackElo "1699"]
[PlyCount "28"]
[EventDate "2011.06.17"]
[EventType "swiss"]
[EventRounds "7"]
[EventCountry "MNE"]
[SourceTitle "CBM 142 Extra"]
[Source "ChessBase"]
[SourceDate "2011.06.27"]
[SourceVersion "1"]
[SourceVersionDate "2011.06.27"]
[SourceQuality "1"]

1. e4 e6 2. d4 d5 3. Nc3 dxe4 4. Nxe4 Bd7 5. Nf3 Bc6 6. Bd3 Nd7 7. c3 Ngf6 8. Qe2 Be7 9. 0-0 0-0 10. h3 Nxe4 11. Bxe4 Bxe4 12. Qxe4 c6 13. Bf4 Nf6 14. Qc2 Bd6 1/2-1/2

[Event "MNT-ch U18"]
[Site "Tivat"]
[Date "2011.03.30"]
[Round "8"]
[White "Djukanovic, Mitar"]
[Black "Pecurica, Milos"]
[Result "0-1"]
[WhiteElo "1699"]
[BlackElo "2128"]
[PlyCount "54"]
[EventDate "2011.03.26"]
[EventType "tourn"]
[EventRounds "9"]
[EventCountry "MNE"]
[SourceTitle "EXT 2020"]
[Source "ChessBase"]
[SourceDate "2019.10.17"]
[SourceVersion "1"]
[SourceVersionDate "2019.10.17"]
[SourceQuality "1"]

1. Nf3 c5 2. c4 Nc6 3. Nc3 Nf6 4. d4 cxd4 5. Nxd4 e6 6. e3 Bb4 7. Bd2 Nxd4 8. exd4 d5 9. a3 Bxc3 10. Bxc3 0-0 11. Be2 b6 12. Bf3 Ba6 13. cxd5 exd5 14. Bd2 Re8+ 15. Be3 Ne4 16. Be2 Bxe2 17. Qxe2 Qe7 18. 0-0 Rac8 19. Rac1 Qd7 20. Qd3 Nd6 21. b3 Rxc1 22. Rxc1 Rc8 23. Qb1 Rc6 24. Bf4 Nb5 25. Qb2 Rxc1+ 26. Bxc1 Qg4 27. Qd2 Nxd4 0-1

[Event "MNT-ch U18"]
[Site "Tivat"]
[Date "2011.03.27"]
[Round "2"]
[White "Gudelj, Miljan"]
[Black "Djukanovic, Mitar"]
[Result "0-1"]
[WhiteElo "1682"]
[BlackElo "1699"]
[PlyCount "118"]
[EventDate "2011.03.26"]
[EventType "tourn"]
[EventRounds "9"]
[EventCountry "MNE"]
[SourceTitle "EXT 2020"]
[Source "ChessBase"]
[SourceDate "2019.10.17"]
[SourceVersion "1"]
[SourceVersionDate "2019.10.17"]
[SourceQuality "1"]

1. e4 g6 2. d4 Bg7 3. Nf3 c5 4. Nc3 cxd4 5. Nxd4 d6 6. Be3 Nf6 7. f3 0-0 8. Qd2 Nc6 9. Bc4 Bd7 10. Bb3 Rc8 11. 0-0-0 Ne5 12. Kb1 a6 13. Bh6 Nc4 14. Bxc4 Rxc4 15. Bxg7 Kxg7 16. g4 b5 17. Nde2 b4 18. Nd5 Nxd5 19. Qxd5 Qc7 20. Qd2 Rc8 21. Rc1 Qb6 22. Nf4 Bc6 23. h4 h6 24. Rhf1 Bb7 25. Nh3 Rc3 26. Rf2 Bxe4 27. Qf4 Bd5 28. Rcf1 Ra3 29. b3 Qc5 30. Qd2 Be6 31. Nf4 Bd7 32. Nd3 Qb6 33. Nxb4 Be6 34. Nd5 Bxd5 35. Qxd5 Ra5 36. Qe4 Re5 37. Qd3 a5 38. Rd2 a4 39. Qd4 Qxd4 40. Rxd4 axb3 41. cxb3 Re2 42. Rc4 Ra8 43. a4 Ra5 44. Rfc1 Rh2 45. R1c2 Rxh4 46. Kb2 h5 47. Ka3 d5 48. Rc5 Rxc5 49. Rxc5 hxg4 50. fxg4 Rxg4 51. Rxd5 Rg1 52. a5 f5 53. Kb4 f4 54. Rd2 Ra1 55. Kb5 e5 56. b4 e4 57. Rd4 f3 58. Rxe4 g5 59. a6 f2 0-1

[Event "MNT-chT 2nd League"]
[Site "Podgorica"]
[Date "2009.10.17"]
[Round "6"]
[White "Stojanovic, Blazo"]
[Black "Djukanovic, Mitar"]
[Result "1/2-1/2"]
[WhiteElo "1702"]
[BlackElo "1683"]
[PlyCount "49"]
[EventDate "2009.09.05"]
[EventType "team-tourn"]
[EventRounds "7"]
[EventCountry "MNE"]
[SourceTitle "EXT 2019"]
[Source "ChessBase"]
[SourceDate "2018.10.10"]
[SourceVersion "1"]
[SourceVersionDate "2018.10.10"]
[SourceQuality "1"]

1. e4 e6 2. d4 d5 3. exd5 exd5 4. Nf3 Bg4 5. Be2 Bd6 6. 0-0 Ne7 7. Ne5 Bxe2 8. Qxe2 0-0 9. Nc3 Nbc6 10. Nb5 Ng6 11. Nxc6 bxc6 12. Nxd6 Qxd6 13. Be3 Rfe8 14. Qd3 a5 15. Rac1 Nf8 16. Qd2 Ne6 17. c4 Qb4 18. Rfd1 Reb8 19. b3 a4 20. cxd5 cxd5 21. Qxb4 Rxb4 22. Rb1 axb3 23. Rxb3 Rxb3 24. axb3 Ra3 25. Rb1 1/2-1/2